000 01106nam a2200217 4500
008 171123b xxu||||| |||| 00| 0 eng d
020 _a 0201571005
082 _21992
_aDC 658.18
_bD22
100 _923700
_aDaniels, John D.,author.
245 _aInternational business :
_benvironments and operations /
_cJohn D. Daniels, Lee H. Radebaugh.
250 _aSixth edition.
260 _aReading, Mass. :
_bAddison-Wesley Pub. Co.,
_c©1992.
300 _axxvii, 805,[45] pages :
_bcolored illustrations ;
_c 24 cm.
500 _aIncludes bibliographical references and index.
505 _aBackground -- Comparative environmental frameworks -- Theories and institutions: trade and investment -- World financial environment -- The dynamics of international business-governmental relationships -- Corporate policy and strategy -- Functional management, operations, and concerns.
650 0 _923704
_aInternational economic relations.
650 0 _923705
_aInvestments, Foreign.
650 0 _923707
_aInternational business enterprises.
700 _923708
_aRadebaugh, Lee H.,author.
942 _2ddc
_cDC
999 _c7828
_d7828